[Event "Taastrup Spil Naar Du Vil V"]
[Site "Taastrup"]
[Date "2010.04.29"]
[Round "5"]
[White "Jensen, Jan Kargaard"]
[Black "Dalberg, Bent"]
[Result "1/2-1/2"]
[WhiteElo "1661"]
[BlackElo "1534"]
[PlyCount "78"]
[EventDate "2010.03.25"]
[EventType "swiss"]
[EventRounds "7"]
[EventCountry "DEN"]
[SourceTitle "EXT 2023"]
[Source "ChessBase"]
[SourceDate "2022.10.05"]
[SourceVersion "1"]
[SourceVersionDate "2022.10.05"]
[SourceQuality "1"]

1. c4 e5 2. g3 Nc6 3. Bg2 Nf6 4. Nc3 d6 5. Nf3 Be7 6. 0-0 0-0 7. d4 exd4 8. Nxd4 Nxd4 9. Qxd4 c6 10. b3 Ne8 11. Bb2 Be6 12. Rad1 Qc7 13. Qf4 Bf6 14. Qc1 Rd8 15. Ne4 Bxb2 16. Qxb2 d5 17. cxd5 Bxd5 18. Ng5 Bxg2 19. Kxg2 Nf6 20. e4 Rfe8 21. f3 h6 22. Nh3 Rd7 23. Rxd7 Qxd7 24. Nf2 Rd8 25. Rd1 Qc7 26. Qc2 Rd7 27. Rd3 Qd8 28. Kf1 Rxd3 29. Qxd3 Qxd3+ 30. Nxd3 Nd7 31. Ke2 Kf8 32. Ke3 Ke7 33. Kd4 f6 34. f4 b6 35. b4 Nf8 36. e5 f5 37. a4 Ne6+ 38. Kc4 Nc7 39. Kd4 Ne6+ 1/2-1/2

[Event "Borup op 4th"]
[Site "Borup"]
[Date "2009.09.10"]
[Round "5"]
[White "Jensen, Jan Kargaard"]
[Black "Johansson, Anders"]
[Result "1-0"]
[WhiteElo "1762"]
[BlackElo "2047"]
[PlyCount "113"]
[EventDate "2009.09.04"]
[EventType "swiss"]
[EventRounds "9"]
[EventCountry "DEN"]
[SourceTitle "CBM 132 Extra"]
[Source "ChessBase"]
[SourceDate "2009.11.03"]
[SourceVersion "1"]
[SourceVersionDate "2009.11.03"]
[SourceQuality "1"]

1. d4 Nf6 2. c4 g6 3. Nc3 d5 4. Bf4 Bg7 5. Rc1 dxc4 6. e4 Nh5 7. Be3 Nc6 8. e5 f5 9. f4 e6 10. Nf3 Bh6 11. g3 Na5 12. d5 0-0 13. Bc5 Re8 14. Bb4 c6 15. Qa4 Qb6 16. Nd1 Bf8 17. d6 Nb3 18. axb3 a5 19. Bd2 Qxb3 20. Qxb3 cxb3 21. Ne3 b5 22. Nd4 Bd7 23. Bg2 c5 24. Rxc5 Rac8 25. Nxb3 Nf6 26. Ke2 a4 27. Rxc8 Rxc8 28. Na5 Ne8 29. Rc1 Nxd6 30. exd6 Rxc1 31. Bxc1 Bxd6 32. Bc6 Bc8 33. Bxb5 a3 34. bxa3 e5 35. fxe5 Bxe5 36. Nc6 Bd6 37. a4 Bb7 38. Nc4 Bc7 39. Be3 h5 40. Kd3 h4 41. Bf4 hxg3 42. hxg3 Bxf4 43. gxf4 g5 44. fxg5 Kg7 45. Ke3 f4+ 46. Kxf4 Kg6 47. N4e5+ Kg7 48. a5 Kh8 49. a6 Ba8 50. Kf5 Kg7 51. Nd7 Kh8 52. Kf6 Kg8 53. g6 Kh8 54. g7+ Kh7 55. g8Q+ Kxg8 56. Ne7+ Kh7 57. Bc6 1-0

[Event "Taastrup Spil Naar Du Vil IV 2003"]
[Site "Taastrup"]
[Date "2009.05.07"]
[Round "6"]
[White "Jensen, Jan Kargaard"]
[Black "Ghavamabadi, Mehdi"]
[Result "1-0"]
[WhiteElo "1780"]
[BlackElo "1233"]
[PlyCount "137"]
[EventDate "2009.03.26"]
[EventType "swiss"]
[EventRounds "7"]
[EventCountry "DEN"]
[SourceTitle "EXT 2023"]
[Source "ChessBase"]
[SourceDate "2022.10.05"]
[SourceVersion "1"]
[SourceVersionDate "2022.10.05"]
[SourceQuality "1"]

1. d4 d5 2. c4 e6 3. Nf3 c5 4. cxd5 exd5 5. Nc3 Nf6 6. Bg5 Nbd7 7. e3 Be7 8. Bxf6 Nxf6 9. Bb5+ Bd7 10. Qa4 0-0 11. Bxd7 Nxd7 12. Nxd5 Bd6 13. 0-0 Nb6 14. Nxb6 axb6 15. Qc2 Rc8 16. Qf5 Be7 17. Rfd1 c4 18. Rac1 Rc6 19. Ne5 Rf6 20. Qd7 b5 21. Qxb7 Rd6 22. Nc6 Rxc6 23. Qxc6 Qa5 24. a3 Bf6 25. e4 Bg5 26. Ra1 Qa4 27. g3 Qb3 28. Qc5 Bh6 29. Qb4 Qf3 30. Qxb5 Qxe4 31. Qxc4 Bg5 32. Qd3 Qd5 33. b4 Bf6 34. Rac1 Rd8 35. Qc4 Qf3 36. a4 h5 37. Qd3 Qg4 38. Rc4 h4 39. d5 Qd7 40. b5 h3 41. b6 Be5 42. a5 Qb7 43. Qe4 Bd6 44. Qh4 Qd7 45. a6 Be7 46. Qg4 Qb5 47. Rc8 Qxa6 48. Rxd8+ Bxd8 49. Qxh3 Qxb6 50. Qd7 Bf6 51. Re1 g6 52. Qc6 Qb2 53. d6 Qd2 54. Re8+ Kg7 55. d7 Bd4 56. Qf3 Bxf2+ 57. Qxf2 Qxd7 58. Qb2+ f6 59. Re1 g5 60. Qe2 Qd4+ 61. Qe3 Qxe3+ 62. Rxe3 Kg6 63. g4 Kf7 64. Rb3 Kg6 65. Kg2 Kf7 66. Rb6 Kg6 67. Kf3 Kf7 68. Ke4 Ke7 69. Kf5 1-0

[Event "Taastrup Spil Naar Du Vil IV 2003"]
[Site "Taastrup"]
[Date "2009.04.23"]
[Round "4"]
[White "Pedersen, Ole"]
[Black "Jensen, Jan Kargaard"]
[Result "0-1"]
[WhiteElo "1217"]
[BlackElo "1780"]
[PlyCount "82"]
[EventDate "2009.03.26"]
[EventType "swiss"]
[EventRounds "7"]
[EventCountry "DEN"]
[SourceTitle "EXT 2023"]
[Source "ChessBase"]
[SourceDate "2022.10.05"]
[SourceVersion "1"]
[SourceVersionDate "2022.10.05"]
[SourceQuality "1"]

1. c4 Nf6 2. Nc3 e5 3. e3 Nc6 4. g3 d5 5. cxd5 Nxd5 6. Nge2 Be7 7. Bg2 Be6 8. a3 0-0 9. 0-0 Qd7 10. Nxd5 Bxd5 11. Nc3 Bxg2 12. Kxg2 Rfd8 13. Qb3 b6 14. Qc2 Rac8 15. b4 Bf6 16. Rb1 g6 17. Kg1 Bg7 18. Rd1 Qe6 19. Bb2 f5 20. Ne2 Ne7 21. d4 e4 22. Nf4 Qf7 23. Rd2 Nd5 24. Nxd5 Qxd5 25. Rc1 c5 26. Qc4 Qxc4 27. Rxc4 cxd4 28. Rxc8 Rxc8 29. Bxd4 Rc7 30. Bxg7 Kxg7 31. Kg2 Kf6 32. b5 Rc3 33. a4 Rc4 34. Ra2 Rb4 35. h4 Ke5 36. Kh3 h5 37. Kg2 Kd5 38. Kf1 Kc4 39. Ra3 Rb3 40. Ra2 Kb4 41. a5 bxa5 0-1

[Event "Taastrup Quick Weekend 8th C"]
[Site "Taastrup"]
[Date "2008.10.26"]
[Round "4"]
[White "Christiansen, Per"]
[Black "Jensen, Jan Kargaard"]
[Result "0-1"]
[WhiteElo "1703"]
[BlackElo "1624"]
[PlyCount "36"]
[EventDate "2008.10.24"]
[EventType "tourn"]
[EventRounds "5"]
[EventCountry "DEN"]
[SourceTitle "EXT 2023"]
[Source "ChessBase"]
[SourceDate "2022.10.05"]
[SourceVersion "1"]
[SourceVersionDate "2022.10.05"]
[SourceQuality "1"]

1. d4 d5 2. c4 c6 3. Nf3 Nf6 4. e3 e6 5. Nc3 Nbd7 6. Bd2 Bd6 7. Qc2 Qe7 8. 0-0-0 0-0 9. Bd3 dxc4 10. Bxc4 e5 11. Ng5 g6 12. h4 Nb6 13. Bb3 exd4 14. exd4 Bf5 15. Nce4 Bxe4 16. Nxe4 Qxe4 17. Qc3 Nfd5 18. Qh3 Nf4 0-1

[Event "Taastrup Quick Weekend 8th C"]
[Site "Taastrup"]
[Date "2008.10.25"]
[Round "3"]
[White "Nygaard, Soren"]
[Black "Jensen, Jan Kargaard"]
[Result "1-0"]
[WhiteElo "1668"]
[BlackElo "1624"]
[PlyCount "105"]
[EventDate "2008.10.24"]
[EventType "tourn"]
[EventRounds "5"]
[EventCountry "DEN"]
[SourceTitle "EXT 2023"]
[Source "ChessBase"]
[SourceDate "2022.10.05"]
[SourceVersion "1"]
[SourceVersionDate "2022.10.05"]
[SourceQuality "1"]

1. d4 d5 2. c4 c6 3. Nf3 Nf6 4. Nc3 e6 5. Bg5 Nbd7 6. e3 Be7 7. Bd3 dxc4 8. Bxc4 Nd5 9. Bxe7 Qxe7 10. Nxd5 exd5 11. Bd3 Nf6 12. 0-0 Bg4 13. Be2 0-0 14. a3 Ne4 15. Rc1 Rac8 16. b4 Bxf3 17. Bxf3 f5 18. Bxe4 Qxe4 19. Re1 Qh4 20. b5 Rf6 21. Qf3 Qe4 22. Qe2 Qe8 23. a4 Re6 24. Qd2 Rc7 25. a5 Rce7 26. bxc6 bxc6 27. Kf1 Rb7 28. Rb1 Qb8 29. Qc2 g6 30. g3 Ree7 31. a6 Rb5 32. Qa2 Re8 33. Kg2 Re7 34. Rxb5 Qxb5 35. Rb1 Qd3 36. Rb7 Qe4+ 37. Kg1 Kf7 38. Qa3 g5 39. Rxe7+ Qxe7 40. Qb3 Ke6 41. Qb7 Qd7 42. Qb8 Ke7 43. Qe5+ Kd8 44. Qb8+ Ke7 45. Kf1 g4 46. Ke2 h5 47. Kd3 Ke6 48. Kc3 Qd6 49. Qe8+ Kf6 50. Qh8+ Ke6 51. Qh6+ Ke7 52. Qxd6+ Kxd6 53. Kd3 1-0

[Event "Roskilde 100 years"]
[Site "Roskilde"]
[Date "2008.10.16"]
[Round "7"]
[White "Jensen, Jan Kargaard"]
[Black "Hein, Jacob"]
[Result "1-0"]
[WhiteElo "1624"]
[BlackElo "1456"]
[PlyCount "22"]
[EventDate "2008.10.11"]
[EventType "swiss"]
[EventRounds "9"]
[EventCountry "DEN"]
[SourceTitle "EXT 2018"]
[Source "ChessBase"]
[SourceDate "2017.10.13"]
[SourceVersion "1"]
[SourceVersionDate "2017.10.13"]
[SourceQuality "1"]

1. d4 e6 2. Nf3 c5 3. e3 a6 4. Be2 Nf6 5. 0-0 Bd6 6. c4 Ng4 7. h3 h5 8. e4 e5 9. dxe5 Nxe5 10. Qxd6 Nxf3+ 11. Bxf3 g5 1-0

[Event "Roskilde 100 years"]
[Site "Roskilde"]
[Date "2008.10.13"]
[Round "4"]
[White "Larsen, Finn"]
[Black "Jensen, Jan Kargaard"]
[Result "1/2-1/2"]
[WhiteElo "1757"]
[BlackElo "1624"]
[PlyCount "49"]
[EventDate "2008.10.11"]
[EventType "swiss"]
[EventRounds "9"]
[EventCountry "DEN"]
[SourceTitle "EXT 2018"]
[Source "ChessBase"]
[SourceDate "2017.10.13"]
[SourceVersion "1"]
[SourceVersionDate "2017.10.13"]
[SourceQuality "1"]

1. e4 c5 2. c3 d5 3. exd5 Qxd5 4. d4 cxd4 5. cxd4 Nc6 6. Nf3 Bg4 7. Be2 e6 8. 0-0 Nf6 9. Nc3 Qd7 10. Be3 Be7 11. a3 0-0 12. Qd2 Rfd8 13. Rfd1 Rac8 14. Ne5 Nxe5 15. dxe5 Qxd2 16. Rxd2 Bxe2 17. Rxd8+ Bxd8 18. exf6 Ba6 19. fxg7 Bf6 20. Rc1 Kxg7 21. Bxa7 Rc6 22. Be3 Bxc3 23. Rxc3 Rxc3 24. Bd4+ Kg6 25. Bxc3 1/2-1/2

[Event "Roskilde 100 years"]
[Site "Roskilde"]
[Date "2008.10.12"]
[Round "2"]
[White "Jensen, Jan Kargaard"]
[Black "Seirup, Simon"]
[Result "1-0"]
[WhiteElo "1624"]
[BlackElo "1226"]
[PlyCount "93"]
[EventDate "2008.10.11"]
[EventType "swiss"]
[EventRounds "9"]
[EventCountry "DEN"]
[SourceTitle "EXT 2018"]
[Source "ChessBase"]
[SourceDate "2017.10.13"]
[SourceVersion "1"]
[SourceVersionDate "2017.10.13"]
[SourceQuality "1"]

1. d4 d5 2. Bf4 Nc6 3. Nf3 Bf5 4. c3 e6 5. Nbd2 Bd6 6. Bxd6 Qxd6 7. e3 a6 8. Be2 Nf6 9. 0-0 0-0 10. c4 Rfe8 11. a3 Na7 12. Rc1 c6 13. b4 Red8 14. Ne5 b5 15. cxd5 cxd5 16. Nb3 Rdc8 17. Nc5 Rc7 18. f3 Nc8 19. Bd3 Bxd3 20. Qxd3 Nb6 21. f4 Nfd7 22. Nexd7 Nxd7 23. Nxd7 Qxd7 24. Rc5 Rxc5 25. dxc5 Qc6 26. Qc3 Re8 27. Qe5 f6 28. Qc3 Rf8 29. Rd1 Re8 30. Qd4 Rd8 31. e4 Kf7 32. f5 e5 33. exd5 exd4 34. dxc6 Rc8 35. Rxd4 Rxc6 36. Rd7+ Kf8 37. Kf2 Kg8 38. Ke3 Rc8 39. Rd6 Ra8 40. Kd4 a5 41. c6 Kf7 42. Kc5 axb4 43. axb4 Rb8 44. Rd7+ Ke8 45. Rxg7 Rc8 46. Rg8+ Kf7 47. Rxc8 1-0